000 00716nam a2200253Ia 4500
003 OSt
005 20221005081426.0
006 a|||||r|||| 00| 0
007 ta
008 221004b |||||||| |||| 00| 0 eng d
024 _a79185
037 _cTextual
040 _aCRL
_cCRL
_beng
041 _2eng
_aeng
082 _aV2,32(Y15), P3
110 _aRajya Sabha Secretariat (New Delhi India)
_9611080
245 0 _aWomen members of Rajya Sabha
260 _aNew Delhi
_bRajya Sabha Secretariat India
_c2003
300 _a190p.
_ccm.
650 _aHISTORY
700 _aRajya Sabha Secretariat (New Delhi India)
_9611081
942 _hV2,32(Y15), P3
_cTEXL
_2cc
999 _c987694
_d987694